Statistics for São Paulo Best Scorer By Year

Click here to take the quiz!

General Stats

  • This quiz has been taken 90 times
    (76 since last reset)
  • The average score is 13 of 39

Answer Stats

Player% Correct
Jonathan Calleri
88%
Luís Fabiano
86%
Luciano
84%
Raí
77%
Rogério Ceni
70%
Alexandre Pato
67%
Aloísio
65%
Serginho Chulapa
61%
Lucas Moura
60%
Dagoberto
56%
Müller
56%
França
51%
Careca
47%
Diego Souza
47%
Amoroso
46%
Borges
46%
Hernanes
42%
Washington
35%
Palhinha
32%
Grafite
30%
Dodô
23%
Andrés Chávez
19%
Fernandão
19%
Pedro Rocha
19%
Vitor Bueno
12%
Mário Tilico
7%
Toninho Guerreiro
7%
Marcelo Ramos
5%
Milton Cruz
5%
Mirandinha
5%
Almir
4%
Caio Ribeiro
4%
Edivaldo
4%
Eliel
4%
Aílton
2%
Lenílson
2%
Marcão
2%
Mickey
2%
Pianelli
2%

Score Distribution

Percentile by Number Answered

Percent of People with Each Score

Your Score History

You have not taken this quiz since the last reset